000 00599nam a22001697a 4500
005 20160503104301.0
008 160415b xxu||||| |||| 00| 0 eng d
050 _aBX1939.M3K97
100 _aKusumawanta, Dominikus Gusti Bagus
_923939
245 _aA juridical analysis of the "Bonum coniugum" in a canonical marriage
_cby Kusumawanta, Dominikus Gusti Bagus
260 _aRome
_bPontificia Universitas Urbaniana
_c2001
300 _axv, 204p.;
_c24cm.
500 _aThesis
650 _aMarriage
_xCanon law
_923940
650 _aMarriage
_xCatholic church
_923941
942 _2lcc
_cMONOGRAPH
999 _c124651
_d124651